书目信息 |
| 题名: |
全国计算机等级考试教程
|
|
| 作者: | 姚亮 主编 ;全国计算机等级考试教材编写组 , 未来教育教学与研究中心 编著 | |
| 分册: | 三级网络技术 | |
| 出版信息: | 北京 人民邮电出版社 2019 |
|
| 页数: | 342页 | |
| 开本: | 26cm | |
| 丛书名: | ||
| 单 册: | ||
| 中图分类: | TP3 , TP393 | |
| 科图分类: | ||
| 主题词: | 计算机科学--ji suan ji ke xue--水平考试--自学参考资料 , 计算机网络--ji suan ji wang luo--水平考试--自学参考资料 | |
| 电子资源: | ||
| ISBN: | 978-7-115-35361-0 | |
| 000 | 01544nam0 2200337 45 | |
| 001 | 012001003053 | |
| 005 | 20140126153738.0 | |
| 010 | @a978-7-115-35361-0@dCNY45.00 | |
| 010 | @a978-7-89413-993-1 | |
| 099 | @aCAL 012014101326 | |
| 100 | @a20140701d2014 em y0chiy50 ea | |
| 101 | 0 | @achi |
| 102 | @aCN@b110000 | |
| 105 | @aak z 000yy | |
| 106 | @ar | |
| 200 | 1 | @a全国计算机等级考试教程@Aquan guo ji suan ji deng ji kao shi jiao cheng@i三级网络技术@f全国计算机等级考试教材编写组, 未来教育教学与研究中心编著 |
| 210 | @a北京@c人民邮电出版社@d2019 | |
| 215 | @a342页@c图@d26cm@e光盘1片 | |
| 314 | @a书中题: 主编姚亮 | |
| 330 | @a全书共11章,主要内容包括网络系统的结构与设计的基本原则、中小型网络系统总体规划与设计、IP地址规划技术、路由设计技术基础、局域网技术基础及应用、交换机及其配置、路由器配置及使用、无线局域网设备安装与调试、计算机网络环境及应用系统的安装与调试、网络安全技术、网络管理技术。 | |
| 333 | @a本书可作为全国计算机等级考试三级网络技术科目的培训教材和自学用书。 | |
| 517 | 1 | @a三级网络技术@Asan ji wang luo ji shu |
| 606 | 0 | @a计算机科学@Aji suan ji ke xue@x水平考试@j自学参考资料 |
| 606 | 0 | @a计算机网络@Aji suan ji wang luo@x水平考试@j自学参考资料 |
| 690 | @aTP3@v5 | |
| 690 | @aTP393@v5 | |
| 701 | 0 | @a姚亮@Ayao liang@4主编 |
| 712 | 02 | @a全国计算机等级考试教材编写组@Aquan guo ji suan ji deng ji kao shi jiao cai bian xie zu@4编著 |
| 712 | 02 | @a未来教育教学与研究中心@Awei lai jiao yu jiao xue yu yan jiu zhong xin@4编著 |
| 801 | 0 | @aCN@b北京卓展@c20191020 |
| 905 | @b1210222-5@dTP3@e1002@f4 | |
| 全国计算机等级考试教程.三级网络技术/全国计算机等级考试教材编写组, 未来教育教学与研究中心编著.-北京:人民邮电出版社,2019 |
| 342页:图;26cm+光盘1片 |
| 使用对象:本书可作为全国计算机等级考试三级网络技术科目的培训教材和自学用书。 |
| ISBN 978-7-115-35361-0:CNY45.00 |
| 全书共11章,主要内容包括网络系统的结构与设计的基本原则、中小型网络系统总体规划与设计、IP地址规划技术、路由设计技术基础、局域网技术基础及应用、交换机及其配置、路由器配置及使用、无线局域网设备安装与调试、计算机网络环境及应用系统的安装与调试、网络安全技术、网络管理技术。 |
| ● |
| 相关链接 |
|
|
|
|
正题名:全国计算机等级考试教程
索取号:TP3/1002
 
预约/预借
| 序号 | 登录号 | 条形码 | 馆藏地/架位号 | 状态 | 备注 |
| 1 | 1210222 | 212102222 | 第二样本阅览室/ [索取号:TP3/1002] | 在馆 | |
| 2 | 1210223 | 212102231 | 第三借阅区/ [索取号:TP3/1002] | 在馆 | |
| 3 | 1210224 | 212102240 | 第三借阅区/ [索取号:TP3/1002] | 在馆 | |
| 4 | 1210225 | 212102259 | 第三借阅区/ [索取号:TP3/1002] | 在馆 |